| 000 | 00839nam a22002057a 4500 | ||
|---|---|---|---|
| 999 |
_c20318 _d20318 |
||
| 003 | AR-CdUCM | ||
| 008 | 190528b ||||| |||| 00| 0 spa d | ||
| 040 |
_aMUNICIPALIDAD PROVINCIAL DEL CUSCO _cBIBLIOTECA MUNICIPAL DEL CUSCO |
||
| 082 |
_a869.56 / _bB35 |
||
| 100 |
_aBeltrán Peña, José _942478 |
||
| 245 |
_aAntología de la poesía peruana : _bGeneración del 80 / |
||
| 260 |
_aPerú : _bConcytec, _c1990. |
||
| 300 |
_a232 páginas ; _bFotos a b/n, _c21 cm. |
||
| 505 | _aContenido : Breve resumen de lo acontecido en la presente década -- El poeta y su obra frente a la sociedad actual -- El poeta y su lugar de origen... | ||
| 650 |
_aLa poesía del 80 _942479 |
||
| 650 |
_aEl poeta y su lugar de origen _942480 |
||
| 650 |
_aRevistas y suplementos para analizar a los del 80 _942481 |
||
| 942 |
_2ddc _cLIBROS |
||
| 945 | _aandy | ||